000174064 001__ 174064
000174064 005__ 20160817111439.0
000174064 022__ $$a0250-7196
000174064 0247_ $$2ZDBID$$aPERI:(DE-600)2804355-8
000174064 0247_ $$2ZDBPPN$$aZDPPN:106391602X
000174064 0247_ $$2SCOPUS$$aSCOPUS:21100211306
000174064 0247_ $$2Medline$$amedline:100967719
000174064 0247_ $$2ERA$$aERA:7136
000174064 035__ $$aPERI:(DE-600)2804355-8
000174064 082__ $$a290
000174064 2100_ $$2iso$$aHamdard Islam
000174064 2100_ $$2dnlm$$aHamdard Islam
000174064 2100_ $$2iso$$aHamdard Islam
000174064 245__ $$aHamdard islamicus$$bquarterly journal of the Hamdard National Foundation, Pakistan$$hprint, online
000174064 2463_ $$aHamdard Islamicus
000174064 260__ $$aKarachi$$bFoundation
000174064 380__ $$2marcgt$$ajournal
000174064 500__ $$aAutomatically generated record. (Updated: 08/2016)
000174064 650_7 $$0ERA:2204$$2ERA$$aReligion And Religious Studies
000174064 650_7 $$0ASJC:3316$$2ASJC$$aCultural Studies
000174064 650_7 $$0ASJC:1212$$2ASJC$$aReligious studies
000174064 650_7 $$0ASJC:1202$$2ASJC$$aHistory
000174064 650_7 $$0ASJC:3320$$2ASJC$$aPolitical Science and International Relations
000174064 8564_ $$uhttp://ezb.uni-regensburg.de/2804355$$yEZB
000174064 909CO $$ooai:juser.fz-juelich.de:269208$$pauthority$$pauthority:PERI
000174064 909CO $$ooai:juser.fz-juelich.de:269208
000174064 915__ $$0StatID:(DE-HGF)0200$$2StatID$$aDBCoverage$$bSCOPUS
000174064 915__ $$0StatID:(DE-HGF)0300$$2StatID$$aDBCoverage$$bMedline
000174064 980__ $$aPERI
000174064 980__ $$aAUTHORITY